Венерические и кожные болезни по данным Института за десять лет (1917-1926) (Запись № 7640128)

Подробности
000 -МАРКЕР
контрольное поле 01135nam0a22002651 4500
001 - ИДЕНТИФИКАТОР ЗАПИСИ
контрольное поле rc\2839499
005 - ИДЕНТИФИКАТОР ВЕРСИИ
контрольное поле 20250530035959.0
035 ## - ДРУГИЕ СИСТЕМНЫЕ НОМЕРА
Идентификатор записи (NLR Aleph) 007202481
100 ## - ДАННЫЕ ОБЩЕЙ ОБРАБОТКИ
Данные общей обработки 20110629d1927 |||y0rusy50 ca
101 0# - ЯЗЫК РЕСУРСА
Язык текста, звукозаписи и т.д. русский
102 ## - СТРАНА ПУБЛИКАЦИИ ИЛИ ПРОИЗВОДСТВА
Страна публикации Российская Федерация
105 ## - ПОЛЕ КОДИРОВАННЫХ ДАННЫХ: ТЕКСТОВЫЕ МАТЕРИАЛЫ, МОНОГРАФИЧЕСКИЕ
Кодированные данные о монографическом текстовом документе a z |||||
200 1# - ЗАГЛАВИЕ И СВЕДЕНИЯ ОБ ОТВЕТСТВЕННОСТИ
Основное заглавие Венерические и кожные болезни по данным Института за десять лет (1917-1926)
Первые сведения об ответственности М.Г. Мгебров и М.Г. Хорошин
210 ## - ПУБЛИКАЦИЯ, РАСПРОСТРАНЕНИЕ И ДР.
Место издания, распространения и т.д. Одесса
Имя издателя, распространителя и т. д. Б. и.
Дата издания, распространения и т.д. 1927
Имя изготовителя Тип. "Известий"
215 ## - ФИЗИЧЕСКАЯ ХАРАКТЕРИСТИКА
Специфическое обозначение материала и объем 22 с.
Другие сведения о физической характеристике табл.
Размеры 26 см
300 ## - ОБЩИЕ ПРИМЕЧАНИЯ
Текст примечания Резюме на нем. яз.
300 ## - ОБЩИЕ ПРИМЕЧАНИЯ
Текст примечания Отт. из: Труды Одесского государственного дермато-венерологического института им. Е.С. Главче... Т. 1-й. Юбилейный 1917 X 1927 сборник
700 #1 - ИМЯ ЛИЦА - ПЕРВИЧНАЯ ОТВЕТСТВЕННОСТЬ
Начальный элемент ввода Мгебров
Часть имени, кроме начального элемента ввода М.Г.
Даты 1878-1940
Расширение инициалов личного имени Михаил Гаврилович
701 #1 - ИМЯ ЛИЦА - АЛЬТЕРНАТИВНАЯ ОТВЕТСТВЕННОСТЬ
Начальный элемент ввода Хорошин
Часть имени, кроме начального элемента ввода М.Г.
801 #0 - ИСТОЧНИК ЗАПИСИ
Страна Российская Федерация
Организация NLR
Правила каталогизации psbo
801 #1 - ИСТОЧНИК ЗАПИСИ
Страна Российская Федерация
Организация ELAR
Источник данных rusmarc
852 ## - МЕСТОНАХОЖДЕНИЕ И ШИФР ХРАНЕНИЯ
Идентификатор организации NLR
Шифр хранения (Call Number) 122/676
942 ## - ДОПОЛНИТЕЛЬНЫЕ ЭЛЕМЕНТЫ ЗАПИСИ (АБИС)
Тип экземпляра АБИС Книга
980 ## - КОЛЛЕКЦИЯ
Название коллекции Национальная библиография
Экземпляры
Тип экземпляра Дата поступления Библиотека постоянного хранения Библиотека текущего хранения Место хранения Шифр хранения Штрих-код Статус экземпляра
Книга 26.10.2013 РНБ (Садовая) РНБ (Садовая) Русский книжный фонд -Главное здание, Ленинский читальный зал 122/676 7202481-10